People's. (Record no. 1736)
[ view plain ]
| 000 -LEADER | |
|---|---|
| fixed length control field | 01189cas a22003497a 4500 |
| 001 - CONTROL NUMBER | |
| control field | data |
| 005 - DATE AND TIME OF LATEST TRANSACTION | |
| control field | 20260322212115.0 |
| 008 - FIXED-LENGTH DATA ELEMENTS--GENERAL INFORMATION | |
| fixed length control field | data |
| 035 ## - SYSTEM CONTROL NUMBER | |
| System control number | 11414081 |
| 010 ## - LIBRARY OF CONGRESS CONTROL NUMBER | |
| LC control number | sf 93092488 |
| 035 ## - SYSTEM CONTROL NUMBER | |
| System control number | (OCoLC)12774688 |
| 040 ## - CATALOGING SOURCE | |
| Original cataloging agency | DPL |
| Language of cataloging | eng |
| Transcribing agency | DPL |
| Modifying agency | OCLCQ |
| -- | DLC |
| -- | OCL |
| -- | OCLCQ |
| -- | OCLCF |
| -- | OCLCO |
| -- | OCLCQ |
| 042 ## - AUTHENTICATION CODE | |
| Authentication code | pcc |
| 050 00 - LIBRARY OF CONGRESS CALL NUMBER | |
| Classification number | Pulp fiction box 156 |
| 245 00 - TITLE STATEMENT | |
| Title | People's. |
| 260 ## - PUBLICATION, DISTRIBUTION, ETC. | |
| Place of publication, distribution, etc. | New York : |
| Name of publisher, distributor, etc. | Street & Smith Corp. |
| 300 ## - PHYSICAL DESCRIPTION | |
| Extent | volumes : |
| Other physical details | illustrations ; |
| Dimensions | 26 cm |
| 310 ## - CURRENT PUBLICATION FREQUENCY | |
| Current publication frequency | Semimonthly |
| 336 ## - CONTENT TYPE | |
| Content type term | text |
| Content type code | txt |
| Source | rdacontent |
| 337 ## - MEDIA TYPE | |
| Media type term | unmediated |
| Media type code | n |
| Source | rdamedia |
| 338 ## - CARRIER TYPE | |
| Carrier type term | volume |
| Carrier type code | nc |
| Source | rdacarrier |
| 588 0# - SOURCE OF DESCRIPTION NOTE | |
| Source of description note | Vol. 40, no. 4 (Dec. 10, 1922); title from cover. |
| 650 #0 - SUBJECT ADDED ENTRY--TOPICAL TERM | |
| Topical term or geographic name entry element | Adventure stories |
| Form subdivision | Periodicals. |
| 650 #7 - SUBJECT ADDED ENTRY--TOPICAL TERM | |
| Topical term or geographic name entry element | Adventure stories. |
| Source of heading or term | fast |
| Authority record control number or standard number | (OCoLC)fst00797462 |
| 655 #7 - INDEX TERM--GENRE/FORM | |
| Genre/form data or focus term | Periodicals. |
| Source of term | fast |
| Authority record control number or standard number | (OCoLC)fst01411641 |
| 655 #7 - INDEX TERM--GENRE/FORM | |
| Genre/form data or focus term | Periodicals. |
| Source of term | lcgft |
| 776 1# - ADDITIONAL PHYSICAL FORM ENTRY | |
| Qualifying information | Microfilm |
| Place, publisher, and date of publication | Library of Congress Preservation Microfilming Program |
| Record control number | (OCoLC)34821415 |
| -- | (OCoLC)34821415 |
| 780 00 - PRECEDING ENTRY | |
| Title | People's story magazine |
| Record control number | (OCoLC)12774608 |
| -- | (OCoLC)12774608 |
| 906 ## - LOCAL DATA ELEMENT F, LDF (RLIN) | |
| a | 7 |
| b | cbc |
| c | serials |
| d | u |
| e | ncip |
| f | 19 |
| g | n-oclcserc |
| 991 ## - | |
| -- | c-Ser |
| -- | Pulp fiction box 156 |
| -- | SERIALS |
| Withdrawn status | Lost status | Damaged status | Not for loan | Home library | Current library | Shelving location | Date acquired | Total checkouts | Full call number | Barcode | Date last seen | Price effective from | Koha item type |
|---|---|---|---|---|---|---|---|---|---|---|---|---|---|
| Fairview | Fairview | General stacks | 22/03/2026 | Pulp fiction box 156 | LOC-FPL-00021 | 22/03/2026 | 22/03/2026 | Books |